000
00292nam a22001337a 4500
008
181022b xxu||||| |||| 00| 0 eng d
020
_a
9780073405476
041
_a
eng
080
_a
159.9
100
_a
49
101
_a
PSI
245
_a
Experience Psychology
_c
King, L.A
942
_2
udc
_c
BK
999
_c
50514
_d
50514